[Event "South Wales International Open"]
[Site "Bridgend"]
[Date "2022.07.07"]
[Round "1.1"]
[White "Fowler, Hugo"]
[Black "Maksimenko, Andrei"]
[Result "1/2-1/2"]
[WhiteElo "1873"]
[BlackElo "2434"]
[PlyCount "48"]
[EventDate "2022.07.07"]
[EventRounds "9"]
[EventCountry "WLS"]

1. e4 e5 2. Nf3 Nf6 3. Nxe5 Nxe4 4. Qe2 Qe7 5. Qxe4 d6 6. d4 dxe5 7. dxe5 Nc6
8. Nc3 Qxe5 9. Bf4 Qxe4+ 10. Nxe4 Nd4 11. O-O-O Ne6 12. Be5 Bd7 13. Bc4 O-O-O
14. Rd2 Bb4 15. c3 Be7 16. Re2 Rde8 17. Rhe1 Rhg8 18. g3 Nd8 19. f4 h6 20. Bd4
Be6 21. Bxe6+ Nxe6 22. Nc5 Bxc5 23. Bxc5 b6 24. f5 bxc5 1/2-1/2

[Event "South Wales International Open"]
[Site "Bridgend"]
[Date "2022.07.07"]
[Round "1.2"]
[White "Camacho Collados, Jose"]
[Black "Gibbs, Dominic V"]
[Result "1-0"]
[WhiteElo "2410"]
[BlackElo "1873"]
[PlyCount "79"]
[EventDate "2022.07.07"]
[EventRounds "9"]
[EventCountry "WLS"]

1. Nf3 d6 2. d4 f5 3. Nc3 Nf6 4. Bg5 Nbd7 5. Qd3 e6 6. e4 fxe4 7. Nxe4 Be7 8.
h4 Nxe4 9. Qxe4 Nf6 10. Qd3 Bd7 11. O-O-O c6 12. Kb1 Qc7 13. Be2 O-O-O 14. Bf4
Rdf8 15. Qa3 Ne4 16. Be3 b6 17. Rhe1 Kb8 18. Bd3 Nf6 19. Bc1 Nd5 20. c4 Nf4 21.
Bf1 Ng6 22. g3 Re8 23. h5 Nf8 24. Ka1 Rg8 25. Bd3 g5 26. hxg6 Nxg6 27. Rh1 h5
28. Rxh5 e5 29. Rh7 Bg4 30. Be2 d5 31. Qc3 e4 32. Ng1 Be6 33. Bh5 Ka8 34. Ne2
Qd8 35. Nf4 Bf5 36. cxd5 Qd6 37. Nxg6 Bxg6 38. Rh6 cxd5 39. Bf4 Qe6 40. Bg4 1-0

[Event "South Wales International Open"]
[Site "Bridgend"]
[Date "2022.07.07"]
[Round "1.3"]
[White "Hughes, Anthony"]
[Black "Arkell, Keith C"]
[Result "0-1"]
[WhiteElo "1865"]
[BlackElo "2400"]
[PlyCount "78"]
[EventDate "2022.07.07"]
[EventRounds "9"]
[EventCountry "WLS"]

1. c4 b6 2. Nc3 Bb7 3. e4 e6 4. g3 Bb4 5. Bg2 f5 6. d3 fxe4 7. Nge2 Nf6 8. Bg5
h6 9. Bxf6 Qxf6 10. O-O Bxc3 11. Nxc3 Nc6 12. Nxe4 Qf5 13. b4 O-O 14. b5 Nd4
15. Nf6+ Rxf6 16. Bxb7 Raf8 17. Be4 Qc5 18. a4 d5 19. cxd5 exd5 20. Bg2 Nc2 21.
d4 Nxd4 22. Ra2 Nf3+ 23. Kh1 d4 24. Bxf3 Rxf3 25. Rd2 c6 26. bxc6 Qxc6 27. Kg1
d3 28. Qa1 Rd8 29. Rc1 Qd6 30. Qc3 Rf5 31. Qc7 Qxc7 32. Rxc7 Ra5 33. Rc4 Rc5
34. Rxc5 bxc5 35. Kf1 c4 36. Ke1 c3 37. Ra2 Re8+ 38. Kd1 c2+ 39. Kd2 Re1 0-1

[Event "South Wales International Open"]
[Site "Bridgend"]
[Date "2022.07.07"]
[Round "1.4"]
[White "Derakhshani, Borna"]
[Black "Robinson, David"]
[Result "1-0"]
[WhiteElo "2387"]
[BlackElo "1857"]
[PlyCount "61"]
[EventDate "2022.07.07"]
[EventRounds "9"]
[EventCountry "WLS"]

1. d4 Nf6 2. Bf4 e6 3. e3 b6 4. Nf3 Bb7 5. Bd3 Be7 6. Nbd2 d6 7. O-O Nh5 8. Bg3
Nxg3 9. hxg3 Nd7 10. c3 Nf8 11. a4 Ng6 12. a5 O-O 13. a6 Bc6 14. b4 Rc8 15. Nh2
e5 16. Qh5 exd4 17. exd4 Bd7 18. f4 f5 19. g4 Qe8 20. Bc4+ Kh8 21. g5 c6 22.
Rae1 d5 23. Bd3 Qf7 24. Re3 Bd6 25. Rh3 h6 26. gxh6 Kg8 27. hxg7 Qxg7 28. Rg3
Rf6 29. Rg5 Rcf8 30. Ng4 fxg4 31. Bxg6 1-0

[Event "South Wales International Open"]
[Site "Bridgend"]
[Date "2022.07.07"]
[Round "1.5"]
[White "Harding, Gareth"]
[Black "Wells, Peter K"]
[Result "0-1"]
[WhiteElo "1808"]
[BlackElo "2379"]
[PlyCount "48"]
[EventDate "2022.07.07"]
[EventRounds "9"]
[EventCountry "WLS"]

1. d4 Nf6 2. Nf3 d5 3. Bg5 Ne4 4. Bf4 c5 5. e3 Qb6 6. Nbd2 Nxd2 7. Nxd2 cxd4 8.
exd4 Qxb2 9. Nb3 Qc3+ 10. Bd2 Qc7 11. c4 dxc4 12. Rc1 b5 13. Ba5 Qd6 14. Nc5
Nc6 15. Qf3 e5 16. Ne4 Qg6 17. Nc3 e4 18. Nxe4 Nxa5 19. Nc3 Bb7 20. d5 Qg5 21.
Kd1 O-O-O 22. Qh3+ Kb8 23. Qg3+ Qxg3 24. hxg3 b4 0-1

[Event "South Wales International Open"]
[Site "Bridgend"]
[Date "2022.07.07"]
[Round "1.6"]
[White "Rudd, Jack"]
[Black "Bridges, Paul"]
[Result "1-0"]
[WhiteElo "2331"]
[BlackElo "1754"]
[PlyCount "79"]
[EventDate "2022.07.07"]
[EventRounds "9"]
[EventCountry "WLS"]

1. d4 d5 2. c4 e6 3. Nc3 c6 4. Nf3 f5 5. Bf4 Nf6 6. e3 Be7 7. h3 O-O 8. g4 Ne4
9. gxf5 exf5 10. Qb3 Nxc3 11. bxc3 b6 12. Rg1 Bf6 13. a4 Kh8 14. Ne5 Bb7 15. a5
Bxe5 16. Bxe5 Rf7 17. axb6 axb6 18. Rxa8 Bxa8 19. Qa3 Nd7 20. Qd6 Qe8 21. cxd5
Nxe5 22. dxe5 Rd7 23. Qe6 Qxe6 24. dxe6 Re7 25. Bc4 Bb7 26. Ke2 Kg8 27. Rd1 Kf8
28. Rd6 g6 29. Kf3 b5 30. Bb3 c5+ 31. Kf4 c4 32. Bd1 h6 33. h4 Bc8 34. h5 Bxe6
35. hxg6 Kg7 36. Bc2 Kxg6 37. Bxf5+ Kf7 38. Rb6 Bd7 39. Bxd7 Rxd7 40. e6+ 1-0

[Event "South Wales International Open"]
[Site "Bridgend"]
[Date "2022.07.07"]
[Round "1.8"]
[White "Gawne, Martin"]
[Black "Richardson, John R"]
[Result "0-1"]
[WhiteElo "1724"]
[BlackElo "2289"]
[PlyCount "42"]
[EventDate "2022.07.07"]
[EventRounds "9"]
[EventCountry "WLS"]

1. d4 Nf6 2. Bf4 d5 3. e3 e6 4. Nf3 c5 5. c3 Nc6 6. Nbd2 Nh5 7. Ne5 Nxf4 8.
exf4 cxd4 9. cxd4 Qb6 10. Nxc6 bxc6 11. Nb3 Bb4+ 12. Ke2 a5 13. Qc2 O-O 14. Kf3
f6 15. Bd3 h6 16. a3 Bd6 17. Qc3 e5 18. fxe5 fxe5+ 19. Ke2 exd4 20. Nxd4 Be5
21. Qxc6 Qxd4 0-1

[Event "South Wales International Open"]
[Site "Bridgend"]
[Date "2022.07.07"]
[Round "1.9"]
[White "Nilsson, Joakim"]
[Black "Dixon, Chris"]
[Result "1-0"]
[WhiteElo "2213"]
[BlackElo "1696"]
[PlyCount "155"]
[EventDate "2022.07.07"]
[EventRounds "9"]
[EventCountry "WLS"]

1. d4 Nf6 2. c4 e6 3. g3 d5 4. Nf3 Be7 5. Bg2 O-O 6. O-O c6 7. Qc2 Nbd7 8. Nbd2
b6 9. Rd1 Bb7 10. e4 Rc8 11. b3 c5 12. exd5 exd5 13. Bb2 dxc4 14. bxc4 cxd4 15.
Bxd4 Qc7 16. Qb2 Bc5 17. a4 Bxd4 18. Nxd4 Bxg2 19. Kxg2 Qc5 20. Rac1 Ne5 21.
N2f3 Nxf3 22. Nxf3 Rfe8 23. Rd4 Re7 24. Rcd1 Rce8 25. R1d2 h6 26. Qb5 Ne4 27.
Re2 Qxb5 28. axb5 Nc5 29. Rxe7 Rxe7 30. Kf1 Kf8 31. Rd8+ Re8 32. Rd5 Re4 33.
Nd4 Ne6 34. Nc6 Rxc4 35. Rd7 Rc5 36. Rb7 g6 37. Nxa7 Rc1+ 38. Kg2 Rc7 39. Rb8+
Kg7 40. Nc6 Rd7 41. Rxb6 Rd5 42. Rb8 Rc5 43. Rb7 Kf6 44. Nb8 Rd5 45. b6 Nd8 46.
Rc7 Ke6 47. Nc6 Nxc6 48. Rxc6+ Kd7 49. Rc7+ Ke6 50. Kf3 Rb5 51. b7 f5 52. Ke3
Rb4 53. Kd3 h5 54. Kc3 Rb1 55. Kd4 g5 56. Rh7 g4 57. Rxh5 Rb4+ 58. Ke3 Rxb7 59.
h3 Rb3+ 60. Ke2 Rb2+ 61. Kf1 gxh3 62. Rxh3 Kf6 63. Rh4 Kg5 64. Kg2 Rc2 65. Rd4
Rb2 66. Rd8 Rc2 67. Re8 Rb2 68. Kf3 Rb3+ 69. Re3 Rb4 70. Ra3 Rc4 71. Ke3 f4+
72. gxf4+ Rxf4 73. Ra5+ Rf5 74. Rxf5+ Kxf5 75. Kf3 Ke5 76. Kg4 Kf6 77. Kf4 Ke6
78. Ke4 1-0

[Event "South Wales International Open"]
[Site "Bridgend"]
[Date "2022.07.07"]
[Round "1.10"]
[White "Thomas, Roy"]
[Black "Hill, Alistair"]
[Result "0-1"]
[WhiteElo "1673"]
[BlackElo "2190"]
[PlyCount "118"]
[EventDate "2022.07.07"]
[EventRounds "9"]
[EventCountry "WLS"]

1. f4 g6 2. Nf3 Bg7 3. e3 c5 4. Be2 Nf6 5. O-O O-O 6. d3 d5 7. Nc3 Nc6 8. e4 d4
9. Na4 b6 10. c4 dxc3 11. Nxc3 Nd4 12. Nxd4 Qxd4+ 13. Kh1 Bb7 14. Qe1 Rad8 15.
Qg3 Ne8 16. f5 Qd7 17. Be3 Nc7 18. Rf2 Nb5 19. Nxb5 Qxb5 20. Rb1 Qa4 21. e5
Qxa2 22. Rff1 c4 23. dxc4 Be4 24. Rbe1 Qxb2 25. c5 Qxe5 26. Qxe5 Bxe5 27. fxg6
hxg6 28. cxb6 axb6 29. Bxb6 Rd2 30. Bf3 Bxf3 31. Rxf3 Bd6 32. Rf2 Rd5 33. Ref1
Rh5 34. h3 f5 35. Rf3 Rh4 36. Bf2 Rc4 37. Bg3 Bc5 38. Bf2 e5 39. Bxc5 Rxc5 40.
Ra3 Kg7 41. Rd1 Rc6 42. Ra7+ Kf6 43. Rdd7 e4 44. Kg1 Kg5 45. Ra3 Rff6 46. Rd5
Rfe6 47. Re3 Kf4 48. Re1 Rc2 49. Kh2 Ra6 50. Rf1+ Kg5 51. Rdd1 Raa2 52. Rg1 Kf4
53. Rde1 Rcb2 54. Rgf1+ Ke5 55. Rg1 f4 56. Kh1 f3 57. Rc1 Rxg2 58. Rgd1 Rh2+
59. Kg1 Rag2+ 0-1

[Event "South Wales International Open"]
[Site "Bridgend"]
[Date "2022.07.07"]
[Round "1.11"]
[White "Blackburn, Jonathan L B"]
[Black "Mckenna, Joshua"]
[Result "1-0"]
[WhiteElo "2176"]
[BlackElo "1658"]
[PlyCount "61"]
[EventDate "2022.07.07"]
[EventRounds "9"]
[EventCountry "WLS"]

1. d4 Nf6 2. Nc3 g6 3. e4 d6 4. Bg5 Bg7 5. e5 dxe5 6. dxe5 Qxd1+ 7. Rxd1 Ng4 8.
h3 Nxe5 9. Nd5 O-O 10. Nxc7 Na6 11. Nxa8 h6 12. Bxe7 Re8 13. Rd8 Bd7 14. Bxa6
bxa6 15. Rxe8+ Bxe8 16. Nc7 Bc6 17. Nf3 Nxf3+ 18. gxf3 Bxf3 19. O-O Bxb2 20.
Nxa6 Be2 21. Rb1 Bxa6 22. Rxb2 f5 23. Bc5 g5 24. Bxa7 g4 25. hxg4 fxg4 26. Rb6
Bc4 27. a4 h5 28. Rh6 Be2 29. Rxh5 Kf7 30. Bd4 Ke7 31. Re5+ 1-0

[Event "South Wales International Open"]
[Site "Bridgend"]
[Date "2022.07.07"]
[Round "1.12"]
[White "Hurn, Robert Aj"]
[Black "Murphy, Hugh W"]
[Result "0-1"]
[WhiteElo "1605"]
[BlackElo "2125"]
[PlyCount "82"]
[EventDate "2022.07.07"]
[EventRounds "9"]
[EventCountry "WLS"]

1. d4 Nf6 2. c4 e6 3. Nc3 Bb4 4. e3 b6 5. Nge2 Ne4 6. Qc2 Bb7 7. a3 Bxc3+ 8.
Nxc3 Nxc3 9. Qxc3 Qh4 10. b4 O-O 11. Bb2 f6 12. d5 Re8 13. Qd2 d6 14. Be2 Nd7
15. O-O f5 16. g3 Qh6 17. Rac1 Nf6 18. Bf3 e5 19. Bg2 Ng4 20. h3 Nf6 21. Rfd1
Bc8 22. f4 Bd7 23. b5 Qg6 24. Kh2 exf4 25. exf4 Ne4 26. Bxe4 Rxe4 27. Re1 Rae8
28. Rxe4 Rxe4 29. Qc3 Re2+ 30. Kh1 Qh6 31. h4 Qg6 32. Rg1 Qg4 33. Qxg7+ Qxg7
34. Bxg7 Kxg7 35. Rc1 Kg6 36. Kg1 Kh5 37. Rc3 Kg4 38. Kf1 Re4 39. Kf2 Be8 40.
Rc2 Bh5 41. Rc3 Kh3 0-1

[Event "South Wales International Open"]
[Site "Bridgend"]
[Date "2022.07.07"]
[Round "1.13"]
[White "Bullen, Alex"]
[Black "Williams, Ron"]
[Result "1-0"]
[WhiteElo "2106"]
[BlackElo "1589"]
[PlyCount "57"]
[EventDate "2022.07.07"]
[EventRounds "9"]
[EventCountry "WLS"]

1. d4 d6 2. e4 Nd7 3. f4 e5 4. Nf3 Ngf6 5. Nc3 c6 6. a4 Qc7 7. Bc4 Be7 8. O-O
h6 9. Kh1 exf4 10. Bxf4 g5 11. Bg3 Nf8 12. e5 dxe5 13. dxe5 Nd5 14. e6 Bd6 15.
exf7+ Kxf7 16. Bxd5+ cxd5 17. Nb5 Qd8 18. Nxd6+ Kg8 19. Nxc8 Rxc8 20. Ne5 Rh7
21. Ng4 Ng6 22. Nf6+ Kh8 23. Nxh7 Kxh7 24. Qd4 Qd7 25. Rf2 Rf8 26. Rxf8 Nxf8
27. Rd1 Ng6 28. Qxd5 Qxd5 29. Rxd5 1-0

[Event "South Wales International Open"]
[Site "Bridgend"]
[Date "2022.07.07"]
[Round "1.14"]
[White "Jones, Jeremy"]
[Black "Waddington, Mike P"]
[Result "0-1"]
[WhiteElo "1574"]
[BlackElo "2071"]
[PlyCount "62"]
[EventDate "2022.07.07"]
[EventRounds "9"]
[EventCountry "WLS"]

1. d4 Nf6 2. c4 c5 3. d5 b5 4. cxb5 a6 5. b6 g6 6. g3 Bg7 7. Bg2 d6 8. Nh3 O-O
9. O-O Nbd7 10. Nc3 Nxb6 11. e4 Rb8 12. Rb1 Qc7 13. f3 Nfd7 14. Bf4 Nc4 15. b3
Bd4+ 16. Kh1 Ne3 17. Bxe3 Bxe3 18. Re1 Bd4 19. Qc2 Qa5 20. Na4 Ne5 21. f4 Ng4
22. Bf3 Ne3 23. Rxe3 Bxe3 24. Ng1 Bd7 25. Qc3 Qxc3 26. Nxc3 Bd4 27. Nge2 Bg7
28. Rc1 Rfc8 29. g4 c4 30. bxc4 Rxc4 31. h4 Rbc8 0-1

[Event "South Wales International Open"]
[Site "Bridgend"]
[Date "2022.07.07"]
[Round "1.15"]
[White "Menadue, Jeremy F S"]
[Black "Probert, Malcolm"]
[Result "1-0"]
[WhiteElo "1989"]
[BlackElo "1572"]
[PlyCount "47"]
[EventDate "2022.07.07"]
[EventRounds "9"]
[EventCountry "WLS"]

1. d4 d5 2. c4 c6 3. Nf3 Nf6 4. Nc3 dxc4 5. e4 b5 6. e5 Nd5 7. a4 b4 8. Ne4 h6
9. Bxc4 a5 10. O-O Bg4 11. h3 Bh5 12. Ng3 Bg6 13. e6 fxe6 14. Ne5 Bf7 15. Qf3
Nf6 16. Be3 Qc7 17. Ne4 Nbd7 18. Nxc6 Nxe4 19. Qxe4 g6 20. Ne5 Rd8 21. Nxf7
Qxc4 22. Nxh8 Nf6 23. Qxg6+ Kd7 24. Nf7 1-0

[Event "South Wales International Open"]
[Site "Bridgend"]
[Date "2022.07.07"]
[Round "1.16"]
[White "Sainbayar, Anuurai"]
[Black "Skettos, Nicolas"]
[Result "1-0"]
[WhiteElo "1512"]
[BlackElo "1972"]
[PlyCount "37"]
[EventDate "2022.07.07"]
[EventRounds "9"]
[EventCountry "WLS"]

1. b4 e5 2. Bb2 Bxb4 3. Bxe5 Nf6 4. e3 O-O 5. c3 Ba5 6. Bd3 Nc6 7. Bxf6 Qxf6 8.
Qh5 g6 9. Qh6 Ne5 10. Be2 Qb6 11. f4 Qb2 12. fxe5 c5 13. Nf3 Bd8 14. h4 Qc1+
15. Bd1 f6 16. O-O Rf7 17. Bb3 Qb2 18. Ng5 d5 19. Bxd5 1-0

[Event "South Wales International Open"]
[Site "Bridgend"]
[Date "2022.07.07"]
[Round "1.17"]
[White "Ralphs, Nigel"]
[Black "Khan, Mohammed"]
[Result "1-0"]
[WhiteElo "1964"]
[BlackElo "1778"]
[PlyCount "31"]
[EventDate "2022.07.07"]
[EventRounds "9"]
[EventCountry "WLS"]

1. e4 e5 2. Nf3 Nc6 3. Bc4 Bc5 4. O-O Nf6 5. d3 d6 6. c3 Bg4 7. Nbd2 h6 8. Re1
g5 9. Nf1 Qc8 10. h3 Bxh3 11. gxh3 Qxh3 12. N3h2 g4 13. Be3 g3 14. Nxg3 Rg8 15.
Nf3 Ng4 16. Bxf7+ 1-0

[Event "South Wales International Open"]
[Site "Bridgend"]
[Date "2022.07.07"]
[Round "1.18"]
[White "Fowler, Caspian"]
[Black "Rathbone-Jones, Ifan"]
[Result "0-1"]
[WhiteElo "1483"]
[BlackElo "1936"]
[PlyCount "56"]
[EventDate "2022.07.07"]
[EventRounds "9"]
[EventCountry "WLS"]

1. e4 c5 2. c3 d5 3. exd5 Qxd5 4. d4 Nc6 5. Nf3 Bg4 6. Be2 cxd4 7. cxd4 Nf6 8.
Nc3 Qa5 9. O-O e6 10. Bf4 Be7 11. h3 Bh5 12. Ne5 Bxe2 13. Nxc6 bxc6 14. Qxe2
O-O 15. Qc4 Rac8 16. Be5 Nd7 17. Rfe1 Rfd8 18. Rad1 Bb4 19. a3 Bxc3 20. Qxc3
Qa4 21. b4 Nxe5 22. d5 Ng6 23. d6 Nf4 24. Rd4 Nd5 25. Qg3 Qc2 26. h4 Qc3 27.
Qg5 Qxe1+ 28. Kh2 f6 0-1

[Event "South Wales International Open"]
[Site "Bridgend"]
[Date "2022.07.07"]
[Round "1.19"]
[White "Van Kemenade, Rudy"]
[Black "Emblem, Mark"]
[Result "1-0"]
[WhiteElo "1921"]
[BlackElo "1437"]
[PlyCount "73"]
[EventDate "2022.07.07"]
[EventRounds "9"]
[EventCountry "WLS"]

1. e4 e6 2. d3 d5 3. Qe2 Nf6 4. Nf3 Be7 5. g3 c5 6. Bg2 Nc6 7. O-O O-O 8. e5
Nd7 9. c4 dxc4 10. dxc4 Qc7 11. Bf4 b6 12. Nc3 a6 13. Nd5 exd5 14. cxd5 Nd4 15.
Nxd4 cxd4 16. d6 Bxd6 17. exd6 Qb8 18. Bxa8 Qxa8 19. Rad1 a5 20. Rfe1 Ba6 21.
Qe7 Bb5 22. Rxd4 Bc6 23. Re3 b5 24. f3 Nf6 25. d7 Nxd7 26. Rxd7 Bxd7 27. Qxd7
Rd8 28. Qxb5 h6 29. Qe2 Qc8 30. Kg2 Kh7 31. Rc3 Qd7 32. Rc7 Qe8 33. Qxe8 Rxe8
34. Kf2 Rb8 35. Be5 Rb5 36. Bc3 f6 37. Bxf6 1-0

[Event "South Wales International Open"]
[Site "Bridgend"]
[Date "2022.07.07"]
[Round "1.20"]
[White "Westcott, Dale"]
[Black "De Coverly, Roger D"]
[Result "1/2-1/2"]
[WhiteElo "1250"]
[BlackElo "1914"]
[PlyCount "92"]
[EventDate "2022.07.07"]
[EventRounds "9"]
[EventCountry "WLS"]

1. d4 Nf6 2. Nf3 b6 3. g3 Bb7 4. Bg2 g6 5. O-O Bg7 6. c4 O-O 7. Nc3 Ne4 8. Qc2
Nxc3 9. Qxc3 c5 10. Be3 d6 11. Qd2 Qc7 12. d5 Nd7 13. Bh6 Nf6 14. Bxg7 Kxg7 15.
Rac1 b5 16. b3 Rab8 17. h4 bxc4 18. bxc4 Bc8 19. Qc3 Rb4 20. Rb1 Ba6 21. Nd2
Rfb8 22. Rb3 h5 23. Rfb1 Rxb3 24. axb3 Kg8 25. Bh3 Bc8 26. Bxc8 Qxc8 27. Kg2
Qf5 28. Qf3 Qc2 29. Qd3 Qxd3 30. exd3 Nd7 31. f4 Rb6 32. Ra1 a6 33. Kf3 Nf6 34.
Ra3 Kg7 35. Ne4 e6 36. Nxf6 Kxf6 37. dxe6 Kxe6 38. Ke4 f5+ 39. Ke3 d5 40. d4
cxd4+ 41. Kxd4 dxc4 42. bxc4 Rd6+ 43. Kc5 Kd7 44. Rc3 Kc7 45. Re3 Kd7 46. Rc3
Kc7 1/2-1/2

[Event "South Wales International Open"]
[Site "Bridgend"]
[Date "2022.07.07"]
[Round "2.1"]
[White "Bullen, Alex"]
[Black "Camacho Collados, Jose"]
[Result "0-1"]
[WhiteElo "2106"]
[BlackElo "2410"]
[PlyCount "80"]
[EventDate "2022.07.07"]
[EventRounds "9"]
[EventCountry "WLS"]

1. d4 b6 2. e4 Bb7 3. Bd3 e6 4. Nf3 d5 5. exd5 Qxd5 6. c4 Bb4+ 7. Nc3 Bxc3+ 8.
bxc3 Qh5 9. Bf4 c5 10. Bxb8 Bxf3 11. gxf3 Rxb8 12. Qa4+ Kf8 13. Qxa7 Rc8 14.
Be4 cxd4 15. cxd4 Nf6 16. Bb7 Rxc4 17. Qxb6 g6 18. O-O Kg7 19. a4 Rb8 20. Qa7
Qg5+ 21. Kh1 Qf4 22. a5 Nd5 23. Bxd5 exd5 24. Ra3 Rc1 25. Rxc1 Qxc1+ 26. Kg2
Rb1 27. Qe7 Qh1+ 28. Kh3 Rg1 29. Qe5+ Kh6 30. Qf4+ Rg5 31. a6 Qg2+ 32. Kh4
Qxf2+ 33. Kh3 Qg2+ 34. Kh4 Kg7 35. Qxg5 Qxh2+ 36. Kg4 h5+ 37. Qxh5 gxh5+ 38.
Kf5 Qh3+ 39. Kf4 Qh4+ 40. Ke3 Qe7+ 0-1

[Event "South Wales International Open"]
[Site "Bridgend"]
[Date "2022.07.07"]
[Round "2.2"]
[White "Waddington, Mike P"]
[Black "Derakhshani, Borna"]
[Result "0-1"]
[WhiteElo "2071"]
[BlackElo "2387"]
[PlyCount "80"]
[EventDate "2022.07.07"]
[EventRounds "9"]
[EventCountry "WLS"]

1. Nc3 d5 2. e4 c6 3. f4 dxe4 4. Nxe4 Nf6 5. Nf2 g6 6. Nf3 Bg7 7. Bc4 O-O 8.
O-O Qc7 9. Ne5 e6 10. Qe2 b5 11. Bb3 c5 12. d3 Nc6 13. Nxc6 Qxc6 14. a4 Bb7 15.
Nh3 a6 16. c3 Rad8 17. Bc2 Nd5 18. axb5 axb5 19. Rf3 b4 20. c4 Ne7 21. Ng5 Nf5
22. Rh3 h5 23. Nf3 Nd4 24. Nxd4 Bxd4+ 25. Kh1 Qd7 26. Rg3 h4 27. Rh3 Bf6 28.
Ba4 Qc8 29. Qg4 e5 30. Bd1 Qxg4 31. Bxg4 exf4 32. Bxf4 Bxb2 33. Rf1 Rfe8 34.
Bg5 Rd4 35. Bd1 Bc3 36. Bxh4 Bc8 37. g4 Bxg4 38. Bxg4 Rxg4 39. Bf2 Rf4 40. Kg1
b3 0-1

[Event "South Wales International Open"]
[Site "Bridgend"]
[Date "2022.07.07"]
[Round "2.3"]
[White "Wells, Peter K"]
[Black "Ralphs, Nigel"]
[Result "1-0"]
[WhiteElo "2379"]
[BlackElo "1964"]
[PlyCount "51"]
[EventDate "2022.07.07"]
[EventRounds "9"]
[EventCountry "WLS"]

1. d4 d5 2. c4 e6 3. Nf3 Nf6 4. g3 Bb4+ 5. Bd2 Be7 6. Bg2 O-O 7. O-O c6 8. Bf4
Nbd7 9. Nc3 dxc4 10. e4 b5 11. d5 exd5 12. exd5 Nxd5 13. Nxd5 cxd5 14. Qxd5 Nb6
15. Qxb5 Bb7 16. Rfe1 Bf6 17. Rad1 Qc8 18. Ne5 Bxg2 19. Kxg2 Bxe5 20. Bxe5 f6
21. Bc3 Re8 22. a4 Rxe1 23. Rxe1 Qb7+ 24. Kg1 Qd5 25. Re8+ Kf7 26. Qxd5+ 1-0

[Event "South Wales International Open"]
[Site "Bridgend"]
[Date "2022.07.07"]
[Round "2.4"]
[White "Rathbone-Jones, Ifan"]
[Black "Rudd, Jack"]
[Result "0-1"]
[WhiteElo "1936"]
[BlackElo "2331"]
[PlyCount "62"]
[EventDate "2022.07.07"]
[EventRounds "9"]
[EventCountry "WLS"]

1. d4 d5 2. Bf4 c5 3. e3 Nc6 4. Nf3 Nf6 5. c3 Qb6 6. Qc2 g6 7. Nbd2 Bf5 8. Bd3
e6 9. Bxf5 gxf5 10. Ne5 Rg8 11. Ndf3 Qa6 12. Rb1 Ne4 13. Nd3 c4 14. Nde5 Nd8
15. Nd2 f6 16. Nef3 Qxa2 17. O-O Qa6 18. Nh4 Nf7 19. f3 Nxd2 20. Qxd2 Qc6 21.
Rfe1 O-O-O 22. b3 Nd6 23. Qa2 a6 24. Re2 cxb3 25. Qxb3 Nc4 26. Rbe1 Bd6 27.
Bxd6 Nxd6 28. e4 fxe4 29. fxe4 Nxe4 30. c4 dxc4 31. Qh3 Ng5 0-1

[Event "South Wales International Open"]
[Site "Bridgend"]
[Date "2022.07.07"]
[Round "2.5"]
[White "Richardson, John R"]
[Black "Van Kemenade, Rudy"]
[Result "1-0"]
[WhiteElo "2289"]
[BlackElo "1921"]
[PlyCount "47"]
[EventDate "2022.07.07"]
[EventRounds "9"]
[EventCountry "WLS"]

1. d4 Nf6 2. c4 e5 3. dxe5 Ng4 4. Bf4 Bb4+ 5. Nd2 d6 6. exd6 Qf6 7. e3 g5 8.
Bg3 h5 9. dxc7 Nc6 10. h4 gxh4 11. Rxh4 Qxb2 12. Ngf3 Bf5 13. Rc1 Ba3 14. e4
Qxc1 15. Qxc1 Bxc1 16. exf5 Bb2 17. Ne4 Kd7 18. Nc5+ Kc8 19. Bd3 b6 20. Be4 Re8
21. Kd2 Rxe4 22. Nxe4 Nce5 23. Nd6+ Kxc7 24. Nxf7 1-0

[Event "South Wales International Open"]
[Site "Bridgend"]
[Date "2022.07.07"]
[Round "2.6"]
[White "Jukes, Sam"]
[Black "Nilsson, Joakim"]
[Result "1/2-1/2"]
[WhiteElo "1906"]
[BlackElo "2213"]
[PlyCount "61"]
[EventDate "2022.07.07"]
[EventRounds "9"]
[EventCountry "WLS"]

1. e4 c5 2. Nf3 e6 3. d4 cxd4 4. Nxd4 Nc6 5. Nc3 Qc7 6. Be3 a6 7. Be2 Nxd4 8.
Qxd4 b5 9. O-O Bb7 10. Rfd1 Ne7 11. Bxb5 Nc6 12. Bxc6 Bxc6 13. e5 Rb8 14. Ne4
Bxe4 15. Qxe4 Be7 16. b3 O-O 17. c4 a5 18. Rd3 a4 19. Rad1 Rfd8 20. g3 Rb7 21.
c5 axb3 22. axb3 Qb8 23. Qa4 Rb4 24. Qa5 Rxb3 25. Rxd7 Rb1 26. Rxd8+ Bxd8 27.
Qe1 Rxd1 28. Qxd1 Bc7 29. h4 h6 30. f4 Qb5 31. Qc2 1/2-1/2

[Event "South Wales International Open"]
[Site "Bridgend"]
[Date "2022.07.07"]
[Round "2.7"]
[White "Hill, Alistair"]
[Black "Spanton, Tim R"]
[Result "1-0"]
[WhiteElo "2190"]
[BlackElo "1889"]
[PlyCount "53"]
[EventDate "2022.07.07"]
[EventRounds "9"]
[EventCountry "WLS"]

1. Nf3 Nc6 2. d4 d5 3. g3 Bg4 4. Bg2 Qd7 5. O-O h5 6. c4 Bxf3 7. Bxf3 h4 8.
cxd5 Nb4 9. Qb3 e6 10. dxe6 fxe6 11. Bd2 Nd5 12. Qxb7 Rd8 13. Nc3 hxg3 14. hxg3
Ngf6 15. Bg5 Be7 16. e4 Nxc3 17. bxc3 e5 18. Bg2 O-O 19. dxe5 Ng4 20. Qb3+ Kh8
21. Rad1 Qe8 22. Rxd8 Bxd8 23. Bxd8 Qxd8 24. Qe6 Nxf2 25. Rxf2 Qd1+ 26. Bf1
Rxf2 27. Kxf2 1-0

[Event "South Wales International Open"]
[Site "Bridgend"]
[Date "2022.07.07"]
[Round "2.8"]
[White "Di-Vetta, Andrew"]
[Black "Blackburn, Jonathan L B"]
[Result "0-1"]
[WhiteElo "1754"]
[BlackElo "2176"]
[PlyCount "78"]
[EventDate "2022.07.07"]
[EventRounds "9"]
[EventCountry "WLS"]

1. c4 g6 2. Nf3 Bg7 3. g3 Nf6 4. Nc3 d6 5. Bg2 O-O 6. O-O e5 7. d3 c6 8. Qc2
Re8 9. e4 a6 10. a4 a5 11. Bd2 Na6 12. Na2 d5 13. exd5 cxd5 14. Nh4 dxc4 15.
dxc4 Qc7 16. Rac1 Bd7 17. b3 Bc6 18. Qb1 Nc5 19. Be3 Bxg2 20. Nxg2 Rad8 21.
Bxc5 Qxc5 22. Nc3 e4 23. Qc2 Bh6 24. Rcd1 e3 25. Rxd8 Rxd8 26. Ne4 Nxe4 27.
Qxe4 exf2+ 28. Kh1 b6 29. Nf4 Bxf4 30. gxf4 Rd2 31. Kg2 Qh5 32. h3 Rb2 33. Qe3
Qc5 34. Qc3 Re2 35. Qd3 Qe3 36. Qd8+ Kg7 37. Qd6 Rd2 38. Qe5+ Qxe5 39. fxe5 Rb2
0-1

[Event "South Wales International Open"]
[Site "Bridgend"]
[Date "2022.07.07"]
[Round "2.9"]
[White "Murphy, Hugh W"]
[Black "Sainbayar, Anuurai"]
[Result "1-0"]
[WhiteElo "2125"]
[BlackElo "1512"]
[PlyCount "85"]
[EventDate "2022.07.07"]
[EventRounds "9"]
[EventCountry "WLS"]

1. d4 Nf6 2. Nf3 b5 3. c3 Bb7 4. Qb3 a6 5. a4 Bd5 6. Qc2 e6 7. Nbd2 b4 8. e4 b3
9. Qb1 Bb7 10. Bd3 c5 11. dxc5 Bxc5 12. Nxb3 Ba7 13. O-O d6 14. Qc2 e5 15. Nbd2
Nbd7 16. b4 Rc8 17. Nb3 d5 18. Na5 Qb6 19. Nxb7 Qxb7 20. exd5 a5 21. Bb5 O-O
22. Bc6 Qc7 23. b5 e4 24. Nd4 Bxd4 25. cxd4 Ng4 26. g3 Ngf6 27. Bf4 Qd8 28. Qd2
Nb8 29. Bg5 Nxc6 30. dxc6 Qd5 31. Bxf6 gxf6 32. Rfd1 f5 33. Qg5+ Kh8 34. Qf6+
Kg8 35. Rac1 Rfe8 36. Qg5+ Kh8 37. Qe3 Re6 38. Rc5 Qa2 39. d5 Qxa4 40. Rdc1 Rg6
41. b6 Qb4 42. b7 Rc7 43. Qc3+ 1-0